Experimentálne a matematické štúdium reaktorov s imobilizovanými lipázami

Gespeichert in:
Bibliographische Detailangaben
1. Verfasser: Mentelová, Monika (Verfasst von)
Weitere Verfasser: Báleš, Vladimír (Betreuung Doktorarbeit)
Format: Manuskript Buch
Sprache:Slowakisch
Veröffentlicht: 2016
Schlagworte:
Online-Zugang:http://is.stuba.sk/zp/portal_zp.pl?podrobnosti=120755
Tags: Tag hinzufügen
Keine Tags, Fügen Sie das erste Tag hinzu!

MARC

LEADER 00000ntm a22000003a 4500
001 stuzp58454
003 SK-STU
005 20160719155553.6
007 ta
008 150427s2015----xo-----f-mn---000-0-slo-d
040 |a STU  |b slo 
041 0 |a slo 
100 1 |a Mentelová, Monika  |u 046230  |4 aut  |U FCHPT Ústav chemického a environmentálneho inžinierstva  |T FCHPT Oddelenie chemického a biochemického inžinierstva  |X 43127  |U C6230  |Y 119  |7 43127 
242 0 1 |a Experimental and mathematical study of reactors with immobilized lipases  |y eng 
245 1 0 |a Experimentálne a matematické štúdium reaktorov s imobilizovanými lipázami 
260 |c 2016 
650 4 |a transesterifikácia  |2 slo 
650 4 |a matematické modelovanie  |2 slo 
650 4 |a enzýmová kinetika  |2 slo 
650 4 |a vnútorný transport látky  |2 slo 
650 4 |a Novozyme 435  |2 slo 
650 4 |a imobilizovaná lipáza  |2 slo 
650 4 |a prírodné arómy  |2 slo 
650 4 |a enzyme kinetics  |2 eng 
650 4 |a internal mass transport  |2 eng 
650 4 |a transesterification  |2 eng 
650 4 |a Novozyme 435  |2 eng 
650 4 |a immobilized lipase  |2 eng 
650 4 |a natural aroma  |2 eng 
650 4 |a mathematical modeling  |2 eng 
700 1 |a Báleš, Vladimír  |u 046230  |k Z1  |4 ths  |U FCHPT Ústav chemického a environmentálneho inžinierstva  |T FCHPT Oddelenie chemického a biochemického inžinierstva  |X 1790  |U C6230  |Y 119  |7 A000001790 
856 4 |u http://is.stuba.sk/zp/portal_zp.pl?podrobnosti=120755 
SQL |a stuzp58454  |b DDP  |c SLO  |d Experimentálne a matematické štúdium reaktorov s imobilizovanými lipázami  |e 43127  |f Mentelová, Monika  |g 046230  |h 1790  |i Báleš, Vladimír  |j 20160607  |k 115  |l 04  |m http://is.stuba.sk/zp/portal_zp.pl?podrobnosti=120755  |n I-CHEI  |o 5.2.17. chemické inžinierstvo